Meggs' history of graphic design / (Record no. 52621)

MARC details
000 -LEADER
fixed length control field 00591nam a2200229Ia 4500
005 - DATE AND TIME OF LATEST TRANSACTION
control field 20260429112143.0
008 - FIXED-LENGTH DATA ELEMENTS--GENERAL INFORMATION
fixed length control field 260429s9999||||xx |||||||||||||| ||und||
020 ## - INTERNATIONAL STANDARD BOOK NUMBER
International Standard Book Number 9781119743293
041 ## - LANGUAGE CODE
Language English
082 ## - DEWEY DECIMAL CLASSIFICATION NUMBER
Classification number 741.609
Item number MEG
100 ## - MAIN ENTRY--PERSONAL NAME
Personal name Meggs, Philip B.
245 #0 - TITLE STATEMENT
Title Meggs' history of graphic design /
Statement of responsibility, etc Philip B. Meggs
250 ## - EDITION STATEMENT
Edition statement 7th ed.
260 ## - PUBLICATION, DISTRIBUTION, ETC. (IMPRINT)
Place of publication, distribution, etc New Jersey :
Name of publisher, distributor, etc Wiley,
Date of publication, distribution, etc 2026.
300 ## - PHYSICAL DESCRIPTION
Extent xiv, 510 p.; hb
650 ## - SUBJECT ADDED ENTRY--TOPICAL TERM
Topical term or geographic name as entry element History
650 ## - SUBJECT ADDED ENTRY--TOPICAL TERM
Topical term or geographic name as entry element Graphic design
700 ## - ADDED ENTRY--PERSONAL NAME
Personal name Maxa, Sandra
700 ## - ADDED ENTRY--PERSONAL NAME
Personal name Purvis, Alston
700 ## - ADDED ENTRY--PERSONAL NAME
Personal name Sanders, Mark
942 ## - ADDED ENTRY ELEMENTS (KOHA)
Koha item type Text Books
Holdings
Withdrawn status Lost status Damaged status Not for loan Collection code Home library Location Shelving location Date of Cataloging Source of acquisition Total Checkouts Full call number Barcode Date last seen Price effective from Koha item type
        Non-fiction CUTN Central Library CUTN Central Library Arts & Sports 29/04/2026 TBH Library Book Suppliers, Chennai - Invoice No. SINV00733 on 09-02-2026   741.609 MEG 57724 29/04/2026 29/04/2026 Text Books